Normal view MARC view
  • Acompañamiento

Entry TÉRMINO TEMÁTICO

Number of records used in: 3

001 - NUMERO DE CONTROL DEL REGISTRO

  • campo de control: 187788

003 - IDENTIFICADOR DEL NUMERO DE CONTROL

  • campo de control: ES-SlBCS

005 - FECHA Y HORA DE LA ULTIMA TRANSACCION

  • campo de control: 20210327224935.0

008 - ELEMENTOS DE LONGITUD FIJA

  • campo de control de longitud fija: 210327|| aca||aabn | a|a d

040 ## - FUENTE DE LA CATALOGACION

  • Agencia que crea de manera original el registro: ES-SlBCS
  • Agencia que realiza la transcripción: ES-SlBCS

150 ## - ENCABEZAMIENTO - TEMÁTICO

  • Encabezamiento temático: Acompañamiento

670 ## - FUENTE EN LA QUE SE LOCALIZARON DATOS

  • Cita de la fuente: Work cat.: (ES-SlBCS)567208: Merucci, Margherita 187787, Accompagner le viellissement dans les situations de handicap moteur. Ressources et compétences dans la complexité de l'interaction individu-famille-institution

Bibliotecas Dominicos Provincia Hispania, 2016

Con tecnología Koha